| 000 | 00464nam a22001817a 4500 | ||
|---|---|---|---|
| 003 | MPLRDC | ||
| 005 | 20220104142611.0 | ||
| 008 | 210129b ||||| |||| 00| 0 eng d | ||
| 020 | _a7-80572-441-5 | ||
| 082 | _a628.59 MSY c.2 | ||
| 100 | _a梅桑榆 | ||
| 245 |
_a侵华日俘大遣返 _c |
||
| 250 | _a一版一刷 | ||
| 260 |
_a _b济南出版社 _c1991 |
||
| 300 | _b平 | ||
| 650 | _a中国现代史; 民国史--中日战争 | ||
| 942 |
_cBK _o628.59 MSY c.2 |
||
| 999 |
_c32201 _d32191 |
||